Gaming Quiz

Random Gaming Quiz

Exalted Castes Quiz Stats

 Plays Quiz not verified by Sporcle

Score 0/34 Timer 05:00
0 Plays Today
Type of Exalt % Correct
SolarDawn
99.3%
SolarNight
98.5%
LunarFull Moon
98.5%
SolarEclipse
97.8%
SolarTwilight
97%
DragonbloodAir
97%
DragonbloodEarth
97%
DragonbloodFire
97%
DragonbloodWater
97%
DragonbloodWood
97%
SolarZenith
96.3%
AbyssalDay
94.8%
SiderealEndings
91%
SiderealBattles
88.8%
AbyssalDusk
88.1%
SiderealJourneys
88.1%
SiderealSecrets
85.8%
Type of Exalt % Correct
AlchemicalJade
85.8%
AlchemicalSoulsteel
85.8%
AlchemicalStarmetal
84.3%
AbyssalMidnight
82.1%
AlchemicalMoonsilver
82.1%
AlchemicalOrichalcum
80.6%
SiderealSerenity
79.9%
AbyssalMoonshadow
76.9%
AbyssalDaybreak
72.4%
LunarHalf Moon
70.1%
InfernalSlayer
67.9%
LunarNew Moon
65.7%
InfernalFiend
64.9%
LunarCasteless
61.2%
InfernalMalefactor
61.2%
InfernalDefiler
58.2%
InfernalScourge
55.2%

You're not logged in!

Compare scores with friends on all Sporcle quizzes.
OR
Log In

Show Comments

Extras

Created Oct 11, 2010ReportNominate
Tags:caste

Top Quizzes Today


Score Distribution

Your Account Isn't Verified!

In order to create a playlist on Sporcle, you need to verify the email address you used during registration. Go to your Sporcle Settings to finish the process.

Report this User

Report this user for behavior that violates our Community Guidelines.

Details: